000 00293nam a22001337a 4500
008 181217b xxu||||| |||| 00| 0 eng d
020 _a..9781419716201
041 _aeng
080 _a701
100 _a44
101 _aART
245 _aRichard Dieberkorn
_cDieberkorn,R
942 _2udc
_cBK
999 _c53225
_d53225